[Event "CRO-chT U20 26th"]
[Site "Sv Filip i Jakov"]
[Date "2018.04.05"]
[Round "6.12"]
[White "Ghersinich, Carlo"]
[Black "Vujic, Agata"]
[Result "0-1"]
[WhiteElo "1143"]
[BlackElo "1586"]
[PlyCount "94"]
[EventDate "2018.04.03"]
[EventType "team-swiss"]
[EventRounds "11"]
[EventCountry "CRO"]
[SourceTitle "CBM 184 Extra"]
[Source "ChessBase"]
[SourceDate "2018.06.28"]
[SourceVersion "1"]
[SourceVersionDate "2018.06.28"]
[SourceQuality "1"]

1. d4 d5 2. Nf3 Nf6 3. Bf4 Bf5 4. e3 e6 5. c3 Nbd7 6. Bd3 Bxd3 7. Qxd3 Be7 8. Nbd2 c5 9. 0-0 0-0 10. h3 Re8 11. c4 Nf8 12. Rae1 Rc8 13. e4 dxc4 14. Nxc4 cxd4 15. Nxd4 b5 16. Nd2 Bb4 17. Rc1 Rxc1 18. Rxc1 e5 19. Qxb5 Bxd2 20. Bxd2 Qxd4 21. Be3 Qxe4 22. Rc4 Qb1+ 23. Rc1 Qxa2 24. Bg5 a6 25. Qc6 Qxb2 26. Bxf6 gxf6 27. Rf1 Re6 28. Qc8 Kg7 29. Rd1 Qb4 30. Qc1 Ng6 31. g3 a5 32. h4 a4 33. h5 Ne7 34. h6+ Kg6 35. g4 Qxg4+ 36. Kh2 Qh4+ 37. Kg2 Qg5+ 38. Qxg5+ fxg5 39. Ra1 Ra6 40. Kf3 a3 41. Ke4 f6 42. Kd3 a2 43. Kc2 Kxh6 44. f3 Kg6 45. Kd3 Nf5 46. Ke4 Nd4 47. Ke3 Nc2+ 0-1